Continue les paroles : Billie Eilish - Statistiques

Statistiques générales
  • Ce quiz a été pris 672 fois
    671 depuis la dernière actualisation
  • Le résultat moyen est 9 sur 20
Statistiques - réponses
Chansons Paroles Réponses % Correct
SKINNY "Fell in love for the first time, with ... that's a good sign" a friend
78%
WILDFLOWER "But I see her, in ... all the time" the back of my mind
78%
SKINNY "People say I look happy, ... I got skinny" just because
75%
THE GREATEST "All the times I waited, for you to ... naked" want me
75%
LUNCH "It's a craving not ..." a crush
70%
THE DINER "Bet I could change your life, ... wife" you could be my
58%
CHIHIRO "Saw you turn around but it wasn't ...." your face
50%
L'AMOUR DE MA VIE "So you found her, ... love" now go fall in
47%
LUNCH "I'll run a shower for you ..." like you want
42%
WILDFLOWER "You say no one ... so well" knows you
40%
BIRDS OF A FEATHER "I want you to stay, ..." 'Til I'm in the grave"
36%
BLUE "I don't blame you, ... you" But I can't change
34%
THE GREATEST "You said your heart was jaded, ... break it" you couldn't even
32%
L'AMOUR DE MA VIE "You were so ..." mediocre
28%
BITTERSUITE "I see the way you want me,... one" I wanna be the
27%
BLUE "You were born bluer than a butterfly, ... oxygen" Beautiful and so deprived of
26%
CHIHIRO "But there's a part of me that ..." recognizes you
25%
BIRDS OF A FEATHER "Say you don't see it ... polluted" your mind's
23%
THE DINER "I hope you'll read it this time, ..." You better
20%
BITTERSUITE "In my dream, ..., can't land on my feet" have it once a week
8%
Aucun quiz correspondant
Distribution des résultats
% des personnes avec chaque résultat
Percentile par nombre de réponses
Votre historique - résultats
Vous n’avez pas pris ce quiz depuis la dernière actualisation